| 000 | 00453nam a2200169Ia 4500 | ||
|---|---|---|---|
| 001 | 14582 | ||
| 003 | GE_BSU | ||
| 008 | 181216s||||||||xx |||||||||||||| ||und|| | ||
| 040 | _cGE_BSU | ||
| 245 | _aБанковские технологии № 12(227) 2014 | ||
| 245 | _cГл. ред.Ю.Н.Гордеев | ||
| 260 | _aМосква | ||
| 260 | _c2014 | ||
| 300 | _a62стр.30см. | ||
| 653 | _aБанковские технологии | ||
| 942 | _cCR | ||
| 999 |
_c47711 _d47711 |
||